000 00930nas a2200301 4500
001 BR2015001479
003 BR-BrBNA
005 20231205125110.0
007 ta
008 230509b bl.|||p| |||| 00| 00por d
040 _aBR-BrBNA
_bpor
_cBiblioteca Nacional de Agricultura
041 _a(Pt)
072 _aQ70
100 1 _aAlmeida, C.B. de
100 1 _aBueno, G.F.
100 1 _aDel Bianchi, V.L.
245 1 _aTratamento da manipueira em sistema anaeróbio de leite fixo
650 _aMANDIOCA
650 _aMANIHOT ESCULENTA
650 _aMANIPUEIRA
650 _aRESIDUO ORGANICO
650 _aTRATAMENTO
650 _aRADIACAO LUMINOSA
773 0 _tRevista Raízes e Amidos Tropicais (Brazil)
_xISSN 1808-981X
_g(2010), v. 6(1) p. 192-200
_wBR2015001479
856 4 0 _uhttp://energia.fca.unesp.br/index.php/rat/article/view/1119/465
909 _a202311
_bLúcia
_c55
_dLúcia Elande
942 _2AGRIS
_n0
_cANA
999 _c242625
_d242625